000 00628nam a22002057a 4500
005 20251108175205.0
008 250721s2013 xx 000 0 ara d
082 1 4 _aط/ق/عما
100 1 _aعمارنة، جميلة صبري
245 1 0 _aأنا بطل لن تخدعني /
246 1 1 _ai am champ dont cheat me
264 1 _aعمان :
_bالمؤلفة،
_c2013.
300 _a32ص.
490 0 _aجودي الأمورة و سيفو البطل
650 1 7 _aادب الاطفال
650 1 7 _aالقصص القصيرة
653 _aناشئون صغار (10-14) سنة
942 _2ddc
_cBK
999 _c128295
_d128295